| 000 | 01110nam a22003257a 4500 | ||
|---|---|---|---|
| 003 | CHAP | ||
| 005 | 20220329135610.0 | ||
| 008 | 971013s1995 r 00010 d | ||
| 010 | _a39106 | ||
| 011 | _a40078 | ||
| 035 | _a44203 | ||
| 040 | _cCHAP | ||
| 090 | _aTesis | ||
| 100 | 0 | 0 |
_aDomínguez Joachin, Apolinar. _933832 |
| 245 | _aEvaluación del comportamiento de Sedum moranense H. B. K. como alternativa para la naturación de techos | ||
| 260 |
_aChapingo, Méx. : _bEl autor, _c1995 |
||
| 300 |
_a103 h. _b: ilus. |
||
| 502 | _aTesis (Ing. Agr. Esp. en Fitotecnia) -- UACH. Departamento de Fitotecnia | ||
| 590 |
_aALEPH _b10 _c20130110 _lUCH01 _h1306 |
||
| 590 |
_aBATCH-UPD _b10 _c20130110 _lUCH01 _h1852 |
||
| 590 |
_aBATCH-UPD _b10 _c20130410 _lUCH01 _h1221 |
||
| 590 |
_aBATCH-UPD _b10 _c20130914 _lUCH01 _h1218 |
||
| 590 |
_aCONVERSION _b10 _c20130109 _lUCH01 _h1322 |
||
| 650 | 1 | 4 |
_aSedum moranense. _9103576 |
| 650 | 1 | 4 |
_aSustratos. _9110789 |
| 901 | _aBK | ||
| 942 | _cFOLL | ||
| 949 |
_bBC _cTES _d-101250 _eTS1 _h27781 _i44203 _si |
||
| 949 |
_bBC _cTES _d33724000006227 _eTS2 _fc.2 _h27782 _i44203 _si |
||
| 999 |
_c39106 _d39106 |
||